Investigation into reported cases of persons who claim to have reincarnated (Record no. 16020)

MARC details
000 -LEADER
fixed length control field 00764nam a2200217Ia 4500
082 ## - DEWEY DECIMAL CLASSIFICATION NUMBER
Classification number TP.0034
100 ## - MAIN ENTRY--AUTHOR NAME
Personal name Pasricha, Satwant K.
245 #0 - TITLE STATEMENT
Title Investigation into reported cases of persons who claim to have reincarnated
260 ## - PUBLICATION, DISTRIBUTION, ETC. (IMPRINT)
Year of publication 1978
Name of publisher Bangalore University
300 ## - PHYSICAL DESCRIPTION
Number of Pages 335p. + C D- 46
650 ## - SUBJECT ADDED ENTRY--TOPICAL TERM
Topical Term REGENERATION (IN RELIGION, FOLKLORE, ETC)///REINCARNATION
650 ## - SUBJECT ADDED ENTRY--TOPICAL TERM
Topical Term PERCEPTION, EXTRASENSORY//EXTRASENSORY PERCEPTION
650 ## - SUBJECT ADDED ENTRY--TOPICAL TERM
Topical Term EXTRASENSORY PERCEPTION
650 ## - SUBJECT ADDED ENTRY--TOPICAL TERM
Topical Term REINCARNATION - PSYCHOLOGICAL ASPECTS
650 ## - SUBJECT ADDED ENTRY--TOPICAL TERM
Topical Term PRE-EXISTENCE///REINCARNATION
650 ## - SUBJECT ADDED ENTRY--TOPICAL TERM
Topical Term REBIRTH//REINCARNATION
650 ## - SUBJECT ADDED ENTRY--TOPICAL TERM
Topical Term ANTHROPOSOPHY///REINCARNATION - PSYCHOLOGICAL ASPECTS
650 ## - SUBJECT ADDED ENTRY--TOPICAL TERM
Topical Term PSYCHICAL RESEAR
710 ## - ADDED ENTRY--CORPORATE NAME
Corporate name or jurisdiction name as entry element Murthy, Vinoda N.
942 ## - ADDED ENTRY ELEMENTS (KOHA)
Koha item type Thesis
Source of classification or shelving scheme Dewey Decimal Classification
Holdings
Withdrawn status Lost status Damaged status Not for loan Home library Current library Date acquired Full call number Accession Number Price effective from Koha item type
        NASSDOC Library NASSDOC Library 08/10/2004 TP.0034 13129 18/04/2019 Thesis